<?xml version="1.0" encoding="UTF-8"?>
<collection xmlns:xsi="http://www.w3.org/2001/XMLSchema-instance" xsi:schemaLocation="http://www.loc.gov/MARC21/slim http://www.loc.gov/standards/marcxml/schema/MARC21slim.xsd" xmlns="http://www.loc.gov/MARC21/slim">
 <record>
  <leader>00000cam a22000004a 4500</leader>
  <controlfield tag="001">UP-99796217608517932</controlfield>
  <controlfield tag="003">Buklod</controlfield>
  <controlfield tag="005">20080913165614.0</controlfield>
  <controlfield tag="006">m    |o  d |      </controlfield>
  <controlfield tag="007">ta</controlfield>
  <controlfield tag="008">080913s2005    xx     d     r    |||| u|</controlfield>
  <datafield tag="035" ind1=" " ind2=" ">
   <subfield code="a">(iLib)UPD-00051795732</subfield>
  </datafield>
  <datafield tag="040" ind1=" " ind2=" ">
   <subfield code="a">DCPA</subfield>
  </datafield>
  <datafield tag="041" ind1=" " ind2=" ">
   <subfield code="a">eng</subfield>
  </datafield>
  <datafield tag="042" ind1=" " ind2=" ">
   <subfield code="a">DMLUC</subfield>
  </datafield>
  <datafield tag="090" ind1=" " ind2=" ">
   <subfield code="a">JS 7303 A2</subfield>
   <subfield code="b">L44 2005</subfield>
  </datafield>
  <datafield tag="100" ind1="0" ind2=" ">
   <subfield code="a">Legaspi, Perla E.</subfield>
  </datafield>
  <datafield tag="245" ind1="1" ind2="0">
   <subfield code="a">Profiles of political leaders at the local government level</subfield>
   <subfield code="c">Perla E. Legaspi.</subfield>
  </datafield>
  <datafield tag="264" ind1=" " ind2="1">
   <subfield code="a">Quezon City</subfield>
   <subfield code="b">Center for Local and Regional Governance, National College of Public Administration and Governance, University of the Philippines</subfield>
   <subfield code="c">2005.</subfield>
  </datafield>
  <datafield tag="300" ind1=" " ind2=" ">
   <subfield code="a">viii, 129 p.</subfield>
  </datafield>
  <datafield tag="490" ind1="0" ind2=" ">
   <subfield code="a">CLCD research report</subfield>
   <subfield code="v">no.2</subfield>
  </datafield>
  <datafield tag="505" ind1="0" ind2=" ">
   <subfield code="a">Part I. The study : profiles of political local government leaders -- Introduction -- Profiles of municipal leadership -- The municipal leadership of Pangil : Mayor Sergio C. Manzana -- The municipal leadership of Goa : Mayor Marcel S. Pan -- Profiles of city leadership -- The political leadership of Naga City : Mayor Jesse M. Robredo -- The political leadership of Quezon City : Mayor Feliciano F. Belmonte, Jr. -- Profiles of provincial leadership -- The provincial leadership of Nueva Vizcaya : Governor Rodolfo Q. Agbayani -- The provincial leadership of Bulacan : Governor Josefina C. Dela Cruz -- Summary and conclusions -- References -- Part II. Reactions to the study and highlights of the open forum (29 September 2005) -- Dr. Normita G. Recto -- Mayor Marcel S. Pan -- Mayor Jesse M. Robredo -- Highlights of the open forum -- Annexes.</subfield>
  </datafield>
  <datafield tag="520" ind1=" " ind2=" ">
   <subfield code="a">&quot;Dr. Perla E. Legaspi's &quot;Profiles of Political Leadership at the Local Government Level&quot; focuses on two municipal mayors, two city mayors, and two provincial governors. It sought to identify characteristics and leadership styles of local leaders and explain why they are effective and transformational leaders. The results of her study were disseminated in a seminar where there were free and open discussions on her findings.&quot;--Preface.</subfield>
  </datafield>
  <datafield tag="650" ind1=" " ind2="0">
   <subfield code="a">Local officials and employees</subfield>
   <subfield code="z">Philippines.</subfield>
  </datafield>
  <datafield tag="650" ind1=" " ind2="0">
   <subfield code="a">Political leadership</subfield>
   <subfield code="z">Philippines.</subfield>
  </datafield>
  <datafield tag="650" ind1=" " ind2="0">
   <subfield code="a">Political leaders</subfield>
   <subfield code="z">Philippines.</subfield>
  </datafield>
  <datafield tag="905" ind1=" " ind2=" ">
   <subfield code="a">FI</subfield>
  </datafield>
  <datafield tag="905" ind1=" " ind2=" ">
   <subfield code="a">UP</subfield>
  </datafield>
  <datafield tag="950" ind1=" " ind2=" ">
   <subfield code="a">Research study</subfield>
  </datafield>
  <datafield tag="852" ind1="0" ind2=" ">
   <subfield code="a">UPD</subfield>
   <subfield code="b">DCPA</subfield>
   <subfield code="h">JS 7303 A2</subfield>
   <subfield code="i">L44 2005</subfield>
  </datafield>
  <datafield tag="852" ind1="0" ind2=" ">
   <subfield code="a">UPD</subfield>
   <subfield code="b">DMLF</subfield>
   <subfield code="h">JS 7303 A2</subfield>
   <subfield code="i">L44 2005</subfield>
  </datafield>
  <datafield tag="942" ind1=" " ind2=" ">
   <subfield code="a">Book</subfield>
  </datafield>
 </record>
</collection>
